000 00303nam a22001337a 4500
008 170216b xxu||||| |||| 00| 0 eng d
020 _a9781416047148
041 _aeng
080 _24 ED
_a61
100 _a4
101 _aSHM
245 _aESSENTIALS DISEASES AND CONDITION
_cFRAIZER
942 _2udc
_cBK
999 _c5677
_d5677